000
00317pab a2200133 454500
008
180718b1990 xxu||||| |||| 00| 0 eng d
100
_a
Sarker, Subhas Chandra
245
_a
The need is for debureaucratisation
260
_c
1990
300
_a
29-34,62
650
_a
Centralisation
773
_a
Janata
909
_a
5210
999
_c
5210
_d
5210